[Event "Saint Affrique op 22nd"]
[Site "Saint Affrique"]
[Date "2014.07.22"]
[Round "5"]
[White "Coquelle, Addison"]
[Black "Bernard, Elodie"]
[Result "0-1"]
[WhiteElo "1009"]
[BlackElo "1113"]
[PlyCount "56"]
[EventDate "2014.07.19"]
[EventType "swiss"]
[EventRounds "9"]
[EventCountry "FRA"]
[SourceTitle "CBM 161 Extra"]
[Source "ChessBase"]
[SourceDate "2014.08.29"]
[SourceVersion "1"]
[SourceVersionDate "2014.08.29"]
[SourceQuality "1"]

1. e4 e5 2. Nf3 Nc6 3. g3 Nf6 4. Nc3 d6 5. Bg2 Bg4 6. 0-0 d5 7. exd5 Nxd5 8. Ne2 Bc5 9. c3 0-0 10. d4 e4 11. Ng5 Be7 12. Nxe4 Re8 13. f3 Bf5 14. Nc5 Bxc5 15. dxc5 Qd7 16. Nd4 Rad8 17. Nxc6 Qxc6 18. b4 Ne3 19. Bxe3 Rxd1 20. Raxd1 Rxe3 21. f4 b5 22. c4 Qe8 23. Rd2 g6 24. Rfd1 Re1+ 25. Rxe1 Qxe1+ 26. Bf1 Qxd2 27. Bg2 Qe3+ 28. Kf1 Bd3# 0-1